| 000 | 00754nam0a22002531 4500 | ||
|---|---|---|---|
| 001 | rc\146489 | ||
| 005 | 20250620205707.0 | ||
| 010 |
_a5-7088-0654-0 _bСССР _9250000 |
||
| 010 |
_a83-225-0144-7 _bПольша |
||
| 035 | _a(NLR Aleph) 005416061 | ||
| 090 |
_a7424898 _c7424898 |
||
| 100 | _a20030307d1992 |||y0rusy50 ca | ||
| 101 | 0 | _arus | |
| 102 | _aRU | ||
| 105 | _aa ||||||||| | ||
| 200 | 1 |
_aКак шить? _fПер. с пол. Р.А. Бурченковой _gРед. Т.П. Булдакова |
|
| 210 |
_aМ. _cЛегпромбытиздат _d1992 |
||
| 215 |
_a191 c. _cил. _d20 |
||
| 700 | 1 |
_aХанус _bС. _gСофия |
|
| 801 | 0 |
_aRU _bNLR _gpsbo |
|
| 801 | 1 |
_aRU _bELAR _2rusmarc |
|
| 852 |
_aNLR _j96-3/2761 |
||
| 942 | _cBOOK | ||
| 980 | _aNB | ||